|
|
|
|
| LEADER |
01671cas a2200241 a 4500 |
| 001 |
AALejournalIMF015461 |
| 008 |
230101c9999 xx r poo 0 0eng d |
| 020 |
|
|
|c 5.00 USD
|
| 020 |
|
|
|z 9781513505718
|
| 022 |
|
|
|a 1934-7685
|
| 040 |
|
|
|a BD-DhAAL
|c BD-DhAAL
|
| 110 |
2 |
|
|a International Monetary Fund.
|b Western Hemisphere Dept.
|
| 245 |
1 |
0 |
|a Panama :
|b Staff Report for the 2015 Article IV Consultation.
|
| 264 |
|
1 |
|a Washington, D.C. :
|b International Monetary Fund,
|c 2015.
|
| 300 |
|
|
|a 1 online resource (64 pages)
|
| 490 |
1 |
|
|a IMF Staff Country Reports
|
| 500 |
|
|
|a <strong>Off-Campus Access:</strong> No User ID or Password Required
|
| 500 |
|
|
|a <strong>On-Campus Access:</strong> No User ID or Password Required
|
| 506 |
|
|
|a Electronic access restricted to authorized BRAC University faculty, staff and students
|
| 520 |
3 |
|
|a This 2015 Article IV Consultation highlights that Panama's economic performance is expected to remain strong. Real GDP slowed to 6.2 percent in 2014, reflecting a slower pace of public investment, continued weakness in Colon Free Zone activity, and delays in the Canal expansion. Growth is expected to remain stable in 2015. Lower oil prices and the U.S. recovery will be positive forces but these factors will be offset by U.S. dollar appreciation and some lags in new public investment. Over the medium term, the expanded Canal and the new copper mine should help maintain growth at 6-7 percent.
|
| 538 |
|
|
|a Mode of access: Internet
|
| 830 |
|
0 |
|a IMF Staff Country Reports; Country Report ;
|v No. 2015/237
|
| 856 |
4 |
0 |
|z Full text available on IMF
|u http://elibrary.imf.org/view/journals/002/2015/237/002.2015.issue-237-en.xml
|z IMF e-Library
|